Расчет показателей радиационного риска по данным, содержащимся в радиационно-гигиенических паспортах территорий, для обеспечения комплексной сравнительной оценки состояния радиационной безопасности населения субъектов Российской Федерации (Запись № 11039241)

Подробности
000 -МАРКЕР
контрольное поле 02716nam0a2200421 4500
001 - ИДЕНТИФИКАТОР ЗАПИСИ
контрольное поле RU\NLR\BIBL_A\012242676
005 - ИДЕНТИФИКАТОР ВЕРСИИ
контрольное поле 20200820144844.0
010 ## - МЕЖДУНАРОДНЫЙ СТАНДАРТНЫЙ НОМЕР КНИГИ (ISBN)
Тираж 100
Номер (ISBN) 978-5-7508-1701-6
021 ## - НОМЕР ГОСУДАРСТВЕННОЙ РЕГИСТРАЦИИ
Код страны Российская Федерация
Номер КН-П-20-004660
Номер Листа государственной регистраци КН-П-20-0351
029 10 - НОМЕР ДОКУМЕНТА (нормативные и технические документы. Неопубликованные документы)
Страна Российская Федерация
Номер 2.6.1.0145-19
Тип номера документа МР
035 ## - ДРУГИЕ СИСТЕМНЫЕ НОМЕРА
Идентификатор записи (NLR Aleph) 012242676
035 ## - ДРУГИЕ СИСТЕМНЫЕ НОМЕРА
Идентификатор записи (RuMoRGB)010262408
100 ## - ДАННЫЕ ОБЩЕЙ ОБРАБОТКИ
Данные общей обработки 20200311d2019 k y0rusy50 ca
101 0# - ЯЗЫК РЕСУРСА
Язык текста, звукозаписи и т.д. русский
102 ## - СТРАНА ПУБЛИКАЦИИ ИЛИ ПРОИЗВОДСТВА
Страна публикации Российская Федерация
105 ## - ПОЛЕ КОДИРОВАННЫХ ДАННЫХ: ТЕКСТОВЫЕ МАТЕРИАЛЫ, МОНОГРАФИЧЕСКИЕ
Кодированные данные о монографическом текстовом документе y l 000|y
181 #0 - ПОЛЕ КОДИРОВАННЫХ ДАННЫХ: ВИД СОДЕРЖАНИЯ
Код вида содержания (ISBD) i
Код характеристики содержания (ISBD) axxe
182 #0 - ПОЛЕ КОДИРОВАННЫХ ДАННЫХ: ТИП СРЕДСТВА
Код типа средства (ISBD) n - непосредственное
200 9# - ЗАГЛАВИЕ И СВЕДЕНИЯ ОБ ОТВЕТСТВЕННОСТИ
Основное заглавие Расчет показателей радиационного риска по данным, содержащимся в радиационно-гигиенических паспортах территорий, для обеспечения комплексной сравнительной оценки состояния радиационной безопасности населения субъектов Российской Федерации
Сведения, относящиеся к заглавию МР 2.6.1.0145-19
Первые сведения об ответственности разработаны ФБУН НИИРГ им. П.В. Рамзаева
203 ## - ВИД СОДЕРЖАНИЯ И ТИП СРЕДСТВА
Вид содержания Текст
Дополнительные сведения об издании визуальный
Тип средства непосредственный
205 ## - СВЕДЕНИЯ ОБ ИЗДАНИИ
Сведения об издании Изд. офиц.
210 ## - ПУБЛИКАЦИЯ, РАСПРОСТРАНЕНИЕ И ДР.
Место издания, распространения и т.д. Москва
Имя издателя, распространителя и т. д. Роспотребнадзор
Дата издания, распространения и т.д. 2019
215 ## - ФИЗИЧЕСКАЯ ХАРАКТЕРИСТИКА
Специфическое обозначение материала и объем 13, [1] с.
Размеры 21
225 1# - СЕРИЯ
Основное заглавие серии 2.6.1. Гигиена. Радиационная гигиена. Ионизирующее излучение. Радиационная безопасность
225 1# - СЕРИЯ
Основное заглавие серии Государственное санитарно-эпидемиологическое нормирование Российской Федерации
Сведения об ответственности Федеральная служба по надзору в сфере защиты прав потребителей и благополучия человека
239 ## - ОБЛАСТЬ СПЕЦИФИЧЕСКИХ СВЕДЕНИЙ: НОРМАТИВНЫЕ И ТЕХНИЧЕСКИЕ ДОКУМЕНТЫ
Сведения Введ. 23.04.2019
517 1# - ДРУГИЕ ВАРИАНТЫ ЗАГЛАВИЯ
Вариант заглавия МР 2.6.1.0145-19
606 ## - НАИМЕНОВАНИЕ ТЕМЫ КАК ПРЕДМЕТ
Наименование темы Здравоохранение. Медицинские науки -- Радиационная гигиена -- Защита населенных мест от радиации -- Российская Федерация
Код системы rubbk
686 ## - ИНДЕКСЫ ДРУГИХ КЛАССИФИКАЦИЙ
Индекс Р126.5(2)я81
Издание 2000
Код системы
712 01 - НАИМЕНОВАНИЕ ОРГАНИЗАЦИИ - ВТОРИЧНАЯ ОТВЕТСТВЕННОСТЬ
Начальный элемент ввода Российская Федерация
Структурное подразделение Федеральная служба по надзору в сфере защиты прав потребителей и благополучия человека
Идентификатор авторитетной/нормативной записи RU\NLR\AUTH\8810073282
Код отношения Агентство по стандартам
712 02 - НАИМЕНОВАНИЕ ОРГАНИЗАЦИИ - ВТОРИЧНАЯ ОТВЕТСТВЕННОСТЬ
Начальный элемент ввода Санкт-Петербургский НИИ радиационной гигиены им. П. В. Рамзаева
Идентификатор авторитетной/нормативной записи RU\NLR\AUTH\8810131242
Код отношения Разработчик номерного издания
942 ## - ДОПОЛНИТЕЛЬНЫЕ ЭЛЕМЕНТЫ ЗАПИСИ (АБИС)
Тип экземпляра АБИС Книга
980 ## - КОЛЛЕКЦИЯ
Название коллекции НБР
980 ## - КОЛЛЕКЦИЯ
Название коллекции Национальная библиография

Нет доступных экземпляров.